|
LDR
| 02457nam a2200601ua 4500 |
|---|
| 001 | 4248 |
|---|
| 003 | CZ-PrJAB |
|---|
| 005 | 20170530152438.0 |
|---|
| 007 | ta |
|---|
| 008 | 121107s1982 gw f 001 0 ger d |
|---|
| 020 | | . |
‡a3-451-19204-7
‡q(váz.) |
|---|
| 035 | | . |
‡a(CZ PrSKC)000110201 |
|---|
| 040 | | . |
‡aABC013
‡bcze
‡dABC013
‡dABD027
‡dABD064 |
|---|
| 044 | | . |
‡agw
‡asz
‡aau |
|---|
| 072 | | 7. |
‡a27-1/-2
‡xKřesťanská teologie. Dogmatická teologie
‡2Konspekt
‡95 |
|---|
| 080 | | . |
‡a27
‡2MRF |
|---|
| 080 | | . |
‡a316.42"15/19"
‡2MRF |
|---|
| 080 | | . |
‡a2-184.3
‡2MRF |
|---|
| 080 | | . |
‡a123.2
‡2MRF |
|---|
| 080 | | . |
‡a122
‡2MRF |
|---|
| 080 | | . |
‡a123.1
‡2MRF |
|---|
| 080 | | . |
‡a2-145.3
‡2MRF |
|---|
| 080 | | . |
‡a123.11
‡2MRF |
|---|
| 080 | | . |
‡a27-145.55-23-317.5
‡2MRF |
|---|
| 080 | | . |
‡a(048.8)
‡2MRF |
|---|
| 100 | 1 | . |
‡aMeyer-Abich, Klaus Michael,
‡d1936-
‡7js20070601004
‡4aut |
|---|
| 245 | 1 | 0. |
‡aDetermination und Freiheit /
‡cKlaus M. Meyer-Abich. Kausalität - Zufall - Vorsehung / Karl Rawer, Otto Hermann Pesch. Natürliche Phänomene und Wunder / Bela Weissmahr, Otto Knoch |
|---|
| 260 | | . |
‡aFreiburg ;
‡aBasel ;
‡aWien :
‡bHerder,
‡c1982 |
|---|
| 300 | | . |
‡a152 s. ;
‡c21 cm |
|---|
| 490 | 1 | . |
‡aChristlicher Glaube in moderner Gesellschaft. Enzyklopädische Bibliothek in 30 Teilbänden ;
‡vTeilband 4 |
|---|
| 504 | | . |
‡aObsahuje bibliografii a rejstřík |
|---|
| 600 | 1 | 7. |
‡aKant, Immanuel,
‡d1724-1804
‡7jn19990004171
‡2czenas |
|---|
| 600 | 1 | 7. |
‡aSchopenhauer, Arthur,
‡d1788-1860
‡7jn19990007772
‡2czenas |
|---|
| 650 | 0 | 7. |
‡akřesťanská teologie
‡7ph115064
‡2czenas |
|---|
| 650 | 0 | 7. |
‡amoderní společnost
‡7ph122942
‡2czenas |
|---|
| 650 | 0 | 7. |
‡anáboženská víra
‡7ph115476
‡2czenas |
|---|
| 650 | 0 | 7. |
‡adeterminace
‡7ph119406
‡2czenas |
|---|
| 650 | 0 | 7. |
‡asvoboda
‡7ph116345
‡2czenas |
|---|
| 650 | 0 | 7. |
‡akauzalita
‡7ph138223
‡2czenas |
|---|
| 650 | 0 | 7. |
‡akontingence (filozofie)
‡7ph135765
‡2czenas |
|---|
| 650 | 0 | 7. |
‡aBoží prozřetelnost
‡7ph224038
‡2czenas |
|---|
| 650 | 0 | 7. |
‡abiblické zázraky
‡7ph114142
‡2czenas |
|---|
| 655 | | 7. |
‡amonografie
‡7fd132842
‡2czenas |
|---|
| 700 | 1 | 2. |
‡aRawer, Karl,
‡d1913-
‡tKausalität, Zufall, Vorsehung |
|---|
| 700 | 1 | 2. |
‡aPesch, Otto Hermann,
‡d1931-
‡tKausalität, Zufall, Vorsehung |
|---|
| 700 | 1 | 2. |
‡aWeissmahr, Béla,
‡d1929-2005.
‡tNatürliche Phänomene und Wunder |
|---|
| 700 | 1 | 2. |
‡aKnoch, Otto,
‡d1926-1993.
‡tNatürliche Phänomene und Wunder |
|---|
| 830 | | 0. |
‡aChristlicher Glaube in moderner Gesellschaft.
‡pEnzyklopädische Bibliothek in 30 Teilbänden |
|---|
| 910 | | . |
‡aABG312 |
|---|
| 901 | | . |
‡a4248
‡bUnknown
‡c4248
‡tbiblio |
|---|